000 00274nam a22001217a 4500
008 180802b xxu||||| |||| 00| 0 eng d
082 _a813.52
245 _aCollege Oral Communication
_cChan,M.J
260 _c2006
300 _a4
440 _x0618230378
942 _2ddc
_cMX
999 _c46716
_d46716